| 000 | nam a22 7a 4500 | ||
|---|---|---|---|
| 999 |
_c331236 _d331236 |
||
| 003 | NUST | ||
| 005 | 20170922121657.0 | ||
| 008 | 170922b xxu||||| |||| 00| 0 eng d | ||
| 040 | _cNUST | ||
| 082 | _a351 | ||
| 100 |
_aTabeer,Aaisha, Saeed,Aiman, Barlas,Humza Ahmad, Junaid,Rida, Saleem,Shamsa & Mujib,Zuha _94839 |
||
| 245 | _aBlasphemy laws of Pakistan: a necessity or a tool of personal and political vengeance? | ||
| 260 |
_aIslamabad _c2017 |
||
| 300 | _a251p, | ||
| 942 |
_2ddc _cTHE |
||